00321 a2200145 450000100060000002000150000604000240002110000210004524000270006624500220009330000080011536200090012344000120013265000310014470223 a8508092482 cAnchieta - Itaigara aBelinky, Tatiana10aOnde já se viu?lpor10aOnde já se viu? a1190 a2004 1aÁtica 4aLiteratura infanto-juvenil